[Event "3MCR_3DW_1L_1S"]
[Site "?"]
[Date "2009.??.??"]
[Round "?"]
[White "Kaas, Jaroslav"]
[Black "Binas, Jindrich"]
[Result "1-0"]
[WhiteElo "1800"]
[BlackElo "2249"]
[Annotator "015"]
[PlyCount "63"]
[EventDate "2009.??.??"]
[EventType "corr"]
[SourceDate "2002.06.29"]

1. e4 c5 2. Nf3 Nc6 3. Nc3 d6 4. d4 cxd4 5. Nxd4 Nf6 6. Bg5 a6 7. Qd2 e6 8.
O-O-O Bd7 9. f4 b5 10. Bxf6 gxf6 11. Kb1 Qb6 12. Nxc6 Bxc6 13. f5 b4 14. Ne2 e5
15. Ng3 Qc5 16. b3 a5 17. Bc4 a4 18. Qe2 Rg8 19. Qh5 Rg7 20. Rd2 Rd8 21. Rhd1
h6 22. Qe2 Be7 23. Rd3 Rc8 24. Qh5 Rh7 25. Qg4 Kd7 26. Qf3 Qa7 27. Nf1 Ke8 28.
Qg4 axb3 29. Qg8+ Bf8 30. Bxb3 Rg7 31. Qh8 Ba4 32. Ne3 1-0

[Event "3MCR_3DW_1L_2S"]
[Site "?"]
[Date "2009.??.??"]
[Round "?"]
[White "Schwarz, Jan"]
[Black "Sykora, Josef"]
[Result "1/2-1/2"]
[WhiteElo "2251"]
[BlackElo "2317"]
[Annotator "016"]
[PlyCount "138"]
[EventDate "2009.??.??"]
[EventType "corr"]
[SourceDate "2002.06.29"]

1. d4 d5 2. c4 c6 3. Nf3 Nf6 4. Nc3 e6 5. e3 Nbd7 6. Bd3 dxc4 7. Bxc4 b5 8. Bd3
Bd6 9. O-O O-O 10. Qc2 Bb7 11. Rd1 a6 12. Ne5 Qc7 13. Nxd7 Qxd7 14. h3 Qc7 15.
e4 e5 16. Be3 Rfd8 17. Be2 h6 18. Bf3 exd4 19. Bxd4 Bh2+ 20. Kh1 Be5 21. Bc5
Rxd1+ 22. Rxd1 Rd8 23. Rxd8+ Qxd8 24. a3 Qc7 25. g3 Nd7 26. Be3 Nb6 27. b3 c5
28. Nd5 Nxd5 29. exd5 c4 30. bxc4 Qxc4 31. Qxc4 bxc4 32. Kg2 Kf8 33. Bc5+ Ke8
34. Kf1 Kd7 35. Ke2 Bd6 36. Bd4 f6 37. Kd2 Bxa3 38. Kc3 a5 39. Kxc4 a4 40. Kb5
Kd6 41. Kxa4 Bc5 42. Bxc5+ Kxc5 43. h4 Bxd5 44. Be2 Bc4 45. Bf3 Kd4 46. Kb4 Bd5
47. Be2 Be4 48. Bg4 g6 49. Be2 Bc2 50. Bf3 f5 51. Be2 Bd3 52. Bd1 Bf1 53. g4
fxg4 54. Bxg4 h5 55. Bf3 Bh3 56. Bc6 Bg4 57. Bb5 Be6 58. Be2 Bf5 59. Kb3 Bg4
60. Bxg4 hxg4 61. Kc2 Ke4 62. Kd2 Kf3 63. Ke1 Kg2 64. Ke2 Kh3 65. Kf1 Kxh4 66.
Kg2 Kh5 67. Kh2 Kg5 68. Kg3 Kf5 69. f3 gxf3 1/2-1/2

[Event "3MCR_3DW_1L_3S"]
[Site "?"]
[Date "2009.??.??"]
[Round "?"]
[White "Portych, Vaclav"]
[Black "Alexa, Jaroslav"]
[Result "1/2-1/2"]
[WhiteElo "2219"]
[BlackElo "2325"]
[Annotator "030"]
[PlyCount "45"]
[EventDate "2009.??.??"]
[EventType "corr"]
[SourceDate "2002.06.29"]

1. c4 Nf6 2. Nc3 e5 3. Nf3 Nc6 4. g3 Bb4 5. Nd5 e4 6. Nh4 O-O 7. Bg2 Re8 8. O-O
Bc5 9. d3 exd3 10. Qxd3 Ne5 11. Qc2 c6 12. Be3 cxd5 13. Bxc5 d6 14. Bd4 dxc4
15. Rfd1 d5 16. Bc3 Nc6 17. Nf5 Be6 18. Ne3 Qe7 19. Bxd5 Nxd5 20. Nxd5 Bxd5 21.
Rxd5 Qxe2 22. Qxe2 Rxe2 23. Rc5 1/2-1/2

[Event "3MCR_3DW_1L_1S"]
[Site "?"]
[Date "2009.??.??"]
[Round "?"]
[White "Makovsky, Petr"]
[Black "Ryvova, Anna"]
[Result "1/2-1/2"]
[WhiteElo "2324"]
[BlackElo "2315"]
[Annotator "016"]
[PlyCount "39"]
[EventDate "2009.??.??"]
[EventType "corr"]
[SourceDate "2002.06.29"]

1. e4 e6 2. d4 d5 3. Nc3 Nf6 4. Bg5 Be7 5. e5 Nfd7 6. Bxe7 Qxe7 7. f4 O-O 8.
Nf3 c5 9. Qd2 Nc6 10. dxc5 Nxc5 11. O-O-O a6 12. Nd4 Bd7 13. Qe3 Rfc8 14. f5
Ne4 15. fxe6 Bxe6 16. Nxc6 bxc6 17. Nxe4 dxe4 18. Qxe4 Bd5 19. Qf4 Bxa2 20. b3
1/2-1/2

[Event "3MCR_3DW_1L_3S"]
[Site "?"]
[Date "2009.??.??"]
[Round "?"]
[White "Tyrlik, Jaroslav"]
[Black "Svoboda, Frantisek"]
[Result "0-1"]
[WhiteElo "2039"]
[BlackElo "2374"]
[Annotator "031"]
[PlyCount "84"]
[EventDate "2009.??.??"]
[EventType "corr"]
[SourceDate "2002.06.29"]

1. e4 e6 2. d4 d5 3. Nd2 Nf6 4. e5 Nfd7 5. Bd3 c5 6. c3 Nc6 7. Ne2 cxd4 8. cxd4
f6 9. Nf4 Nxd4 10. Qh5+ Ke7 11. Ng6+ hxg6 12. exf6+ Kxf6 13. Qxh8 Kf7 14. Qh3
e5 15. Nf3 Bb4+ 16. Kf1 e4 17. Ng5+ Ke7 18. Qe3 Nf5 19. Qf4 Bd6 20. Qd2 exd3
21. Qe1+ Ne5 22. f4 Qb6 23. Bd2 Be6 24. g4 Nd4 25. fxe5 Bc5 26. Kg2 Nc2 27. Qh4
Be3 28. Rad1 Rf8 29. Rhg1 Kd7 30. Nxe6 Qxe6 31. Qg3 d4 32. Kh1 Qc6+ 33. Qg2 Rf3
34. Rdf1 Rxf1 35. Qxc6+ bxc6 36. Rxf1 Bxd2 37. Rd1 Bf4 38. Rxd3 Ke6 39. Kg1
Kxe5 40. Kf1 Ke4 41. Rh3 Bc1 42. Ke2 Ne3 0-1

[Event "3MCR_3DW_1L_1S"]
[Site "?"]
[Date "2009.??.??"]
[Round "?"]
[White "Lounek, Jan"]
[Black "Ryvova, Anna"]
[Result "1/2-1/2"]
[WhiteElo "2406"]
[BlackElo "2315"]
[Annotator "017"]
[PlyCount "42"]
[EventDate "2009.??.??"]
[EventType "corr"]
[SourceDate "2002.06.29"]

1. e4 e6 2. d4 d5 3. Nc3 Nf6 4. Bg5 Be7 5. e5 Nfd7 6. Bxe7 Qxe7 7. f4 O-O 8.
Nf3 c5 9. dxc5 Nc6 10. Bd3 f6 11. exf6 Qxf6 12. g3 Nxc5 13. O-O Bd7 14. Qd2
Nxd3 15. cxd3 Be8 16. Rae1 Bg6 17. Ne5 Rac8 18. Nb5 Rfd8 19. Nxg6 Qxg6 20. Qe3
a6 21. Nd4 Nxd4 1/2-1/2

[Event "3MCR_3DW_1L_1S"]
[Site "?"]
[Date "2009.??.??"]
[Round "?"]
[White "Valak, Alois"]
[Black "Houska, Jiri"]
[Result "1/2-1/2"]
[WhiteElo "2326"]
[BlackElo "2303"]
[Annotator "018"]
[PlyCount "80"]
[EventDate "2009.??.??"]
[EventType "corr"]
[SourceDate "2002.06.29"]

1. e4 c5 2. Nf3 d6 3. d4 cxd4 4. Nxd4 Nf6 5. Nc3 g6 6. Be3 Bg7 7. f3 O-O 8. Qd2
Nc6 9. O-O-O d5 10. Nxc6 bxc6 11. exd5 cxd5 12. Nxd5 Nxd5 13. Qxd5 Qc7 14. Qc5
Qb7 15. c3 Bf5 16. Qa3 Rab8 17. Ba6 Qc6 18. Bd3 Qd5 19. Bc2 Qb5 20. Bxf5 Qxf5
21. Rhf1 Rfc8 22. g4 Qb5 23. Rf2 e6 24. h4 Bf8 25. Qxa7 e5 26. Qd7 Qa5 27. Rdd2
Ba3 28. Kd1 Bxb2 29. Rxb2 Rd8 30. Rfd2 Rxd7 31. Rxb8+ Kg7 32. Rxd7 Qa4+ 33. Ke2
Qxd7 34. Rb4 Qc6 35. a4 Qxc3 36. Bd2 Qc6 37. g5 f5 38. gxf6+ Kxf6 39. Be1 Qc2+
40. Kf1 Qd1 1/2-1/2

[Event "3MCR_3DW_1L_1S"]
[Site "?"]
[Date "2009.??.??"]
[Round "?"]
[White "Kuta, Jiri"]
[Black "Kaas, Jaroslav"]
[Result "1/2-1/2"]
[WhiteElo "2359"]
[BlackElo "1800"]
[Annotator "019"]
[PlyCount "64"]
[EventDate "2009.??.??"]
[EventType "corr"]
[SourceDate "2002.06.29"]

1. d4 Nf6 2. c4 e6 3. Nc3 d5 4. cxd5 exd5 5. Bg5 Be7 6. e3 O-O 7. Bd3 Nbd7 8.
Qc2 c6 9. Nf3 Re8 10. h3 Nf8 11. Bf4 Nh5 12. Bh2 g6 13. O-O Ng7 14. Rfe1 Be6
15. a3 Nd7 16. Re2 Nf6 17. Rae1 Bd6 18. Bxd6 Qxd6 19. Qb3 Qc7 20. Rc1 Qe7 21.
Ree1 Nf5 22. Qc2 Nd6 23. b4 Rac8 24. Qb2 b5 25. Ne5 Nd7 26. Nxd7 Bxd7 27. a4 a6
28. axb5 axb5 29. Ne2 Nc4 30. Qc3 Ra8 31. Ra1 Rxa1 32. Rxa1 Nxe3 1/2-1/2

[Event "3MCR_3DW_1L_1S"]
[Site "?"]
[Date "2009.??.??"]
[Round "?"]
[White "Kaas, Jaroslav"]
[Black "Lounek, Jan"]
[Result "1/2-1/2"]
[WhiteElo "1800"]
[BlackElo "2406"]
[Annotator "020"]
[PlyCount "70"]
[EventDate "2009.??.??"]
[EventType "corr"]
[SourceDate "2002.06.29"]

1. e4 c5 2. Nf3 Nc6 3. Nc3 Nf6 4. Bb5 g6 5. h3 Bg7 6. e5 Ng8 7. Bxc6 dxc6 8.
Ne4 b6 9. O-O Nh6 10. Re1 O-O 11. d3 Nf5 12. c3 Ba6 13. g4 Nh6 14. d4 cxd4 15.
cxd4 f5 16. exf6 exf6 17. Qb3+ Qd5 18. Qxd5+ cxd5 19. Nc3 Rfd8 20. Bf4 Nf7 21.
a4 Bc4 22. Re6 f5 23. Rae1 fxg4 24. hxg4 Nh6 25. Bxh6 Bxh6 26. Kg2 Rf8 27. g5
Bg7 28. Nb5 Bxb5 29. axb5 Rf4 30. Re8+ Rxe8 31. Rxe8+ Rf8 32. Re3 Rf7 33. Kg3
Rc7 34. Ne5 Rc2 35. Nc6 Rxb2 1/2-1/2

[Event "3MCR_3DW_1L_3S"]
[Site "?"]
[Date "2009.??.??"]
[Round "?"]
[White "Tomisek, Petr"]
[Black "Tyrlik, Jaroslav"]
[Result "1-0"]
[WhiteElo "2166"]
[BlackElo "2039"]
[Annotator "032"]
[PlyCount "137"]
[EventDate "2009.??.??"]
[EventType "corr"]
[SourceDate "2002.06.29"]

1. e4 e5 2. Bc4 Nf6 3. Nc3 Nxe4 4. Qh5 Nd6 5. Bb3 Be7 6. Nf3 Nc6 7. Nxe5 O-O 8.
O-O Nd4 9. Nd5 N6f5 10. Re1 Bc5 11. d3 Nxb3 12. axb3 d6 13. Ng4 f6 14. b4 Bd4
15. c3 c6 16. Nf4 Bb6 17. Bd2 Bd7 18. Ne6 Bxe6 19. Rxe6 Ne7 20. Ree1 Ng6 21.
Ne3 f5 22. Nc4 f4 23. Qg4 Bc7 24. d4 a6 25. f3 Qc8 26. Re6 d5 27. Na5 Rf7 28.
h3 Nf8 29. Re2 Qxg4 30. hxg4 Bd6 31. Rae1 g5 32. c4 dxc4 33. Bc3 Rd8 34. Kf2
Rfd7 35. Nxc4 Ng6 36. d5 cxd5 37. Nb6 Re7 38. Bf6 Kf7 39. Bxe7 Nxe7 40. Rh1
Bxb4 41. Rxh7+ Kf6 42. Rh6+ Kg7 43. Rh5 Bc5+ 44. Ke1 Kf6 45. Rh7 a5 46. Na4 Be3
47. Rc2 Rd7 48. Nc5 Bxc5 49. Rxc5 Kg6 50. Rh8 Nc6 51. Rg8+ Kf6 52. Rb5 a4 53.
Ra8 Ke5 54. Rxa4 Kd6 55. Kf1 Kc7 56. Ra3 Nd4 57. Rc3+ Kd8 58. Ra5 Ne6 59. Rb3
Kc7 60. Rab5 Nd8 61. Rb6 Re7 62. R3b5 Re3 63. Rf6 Rd3 64. Ke2 Re3+ 65. Kd2 Re5
66. b4 Kd7 67. Rg6 Kc7 68. Rc5+ Nc6 69. b5 1-0

[Event "3MCR_3DW_1L_3S"]
[Site "?"]
[Date "2009.??.??"]
[Round "?"]
[White "Alexa, Jaroslav"]
[Black "Glaser, Karel"]
[Result "1-0"]
[WhiteElo "2325"]
[BlackElo "2202"]
[Annotator "033"]
[PlyCount "71"]
[EventDate "2009.??.??"]
[EventType "corr"]
[SourceDate "2002.06.29"]

1. d4 Nf6 2. Nf3 e6 3. c4 d5 4. Nc3 c6 5. Bg5 dxc4 6. e4 b5 7. e5 h6 8. Bh4 g5
9. Nxg5 hxg5 10. Bxg5 Nbd7 11. g3 Bb7 12. Bg2 Qb6 13. exf6 O-O-O 14. O-O Ne5
15. dxe5 Rxd1 16. Raxd1 b4 17. Ne4 c5 18. Bf4 Qa6 19. h4 Rg8 20. Rfe1 Qa4 21.
Rc1 Qa6 22. Ng5 Bxg2 23. Kxg2 Bh6 24. Nxf7 Bxf4 25. Nd6+ Kd7 26. f7 Qc6+ 27.
Ne4 Rf8 28. gxf4 Ke7 29. Rxc4 Kxf7 30. Rxc5 Qb7 31. Rb5 Qa8 32. Kg3 Kg6 33. f3
Qd8 34. Rh1 Rg8 35. Rb7 Qd5 36. Rc7 1-0

[Event "3MCR_3DW_1L_1S"]
[Site "?"]
[Date "2009.??.??"]
[Round "?"]
[White "Makovsky, Petr"]
[Black "Binas, Jindrich"]
[Result "1-0"]
[WhiteElo "2324"]
[BlackElo "2249"]
[Annotator "021"]
[PlyCount "65"]
[EventDate "2009.??.??"]
[EventType "corr"]
[SourceDate "2002.06.29"]

1. e4 c5 2. Nf3 Nc6 3. d4 cxd4 4. Nxd4 Nf6 5. Nc3 e5 6. Ndb5 d6 7. Bg5 a6 8.
Na3 b5 9. Nd5 Be7 10. Bxf6 Bxf6 11. c3 O-O 12. Nc2 Bg5 13. a4 bxa4 14. Rxa4 a5
15. Bc4 Rb8 16. b3 Kh8 17. Nce3 g6 18. O-O f5 19. Qd3 Be6 20. Raa1 fxe4 21.
Qxe4 Qd7 22. h3 Qf7 23. Ra2 Qb7 24. Rfa1 Qf7 25. Rd1 a4 26. bxa4 Na5 27. Bb5
Bxe3 28. fxe3 Nb3 29. c4 Qa7 30. Qc2 Nc5 31. a5 Bf5 32. Qc1 Be6 33. a6 1-0

[Event "3MCR_3DW_1L_1S"]
[Site "?"]
[Date "2009.??.??"]
[Round "?"]
[White "Kuta, Jiri"]
[Black "Makovsky, Petr"]
[Result "1/2-1/2"]
[WhiteElo "2359"]
[BlackElo "2324"]
[Annotator "022"]
[PlyCount "73"]
[EventDate "2009.??.??"]
[EventType "corr"]
[SourceDate "2002.06.29"]

1. d4 Nf6 2. c4 e6 3. Nc3 Bb4 4. e3 O-O 5. Bd3 d5 6. Nf3 c5 7. O-O Nc6 8. a3
Bxc3 9. bxc3 dxc4 10. Bxc4 Qc7 11. Bb2 e5 12. h3 Bf5 13. Qe2 Rad8 14. Rfd1 h6
15. Bb5 e4 16. Nd2 Na5 17. c4 cxd4 18. Bxd4 Nh7 19. Rab1 Ng5 20. c5 Nc6 21.
Bxc6 bxc6 22. h4 Ne6 23. Nc4 Rd5 24. Nd6 Bg6 25. Qa6 Nxc5 26. Bxc5 Rxc5 27. Qb7
Qxb7 28. Nxb7 Rc3 29. a4 Rb8 30. Nd6 Rd8 31. Nb7 Rxd1+ 32. Rxd1 Kf8 33. Rd7 a6
34. Rc7 Bf5 35. Nd6 Be6 36. Ra7 f5 37. a5 1/2-1/2

[Event "3MCR_3DW_1L_1S"]
[Site "?"]
[Date "2009.??.??"]
[Round "?"]
[White "Pecka, Josef"]
[Black "Makovsky, Petr"]
[Result "1/2-1/2"]
[WhiteElo "2270"]
[BlackElo "2324"]
[Annotator "023"]
[PlyCount "60"]
[EventDate "2009.??.??"]
[EventType "corr"]
[SourceDate "2002.06.29"]

1. e4 e5 2. Nf3 Nc6 3. d4 exd4 4. Nxd4 Bc5 5. Nxc6 Qf6 6. Qd2 dxc6 7. Nc3 Ne7
8. Qf4 Be6 9. Qxf6 gxf6 10. Na4 Bb4+ 11. Bd2 Bxd2+ 12. Kxd2 O-O-O+ 13. Bd3 b6
14. Rae1 c5 15. Kc1 Kb7 16. Nc3 Nc6 17. f4 h5 18. Rd1 h4 19. f5 Bd7 20. Nd5 Rh6
21. Ne3 Ne5 22. Bb5 Rhh8 23. Bxd7 Rxd7 24. Rxd7 Nxd7 25. Rf1 b5 26. h3 Kc6 27.
Ng4 Kd6 28. Kd2 Ke7 29. Ke3 Ne5 30. Kf4 Nxg4 1/2-1/2

[Event "3MCR_3DW_1L_2S"]
[Site "?"]
[Date "2009.??.??"]
[Round "?"]
[White "Pirhala, Ladislav"]
[Black "Kyhos, Alois"]
[Result "1-0"]
[WhiteElo "2190"]
[BlackElo "2146"]
[Annotator "017"]
[PlyCount "105"]
[EventDate "2009.??.??"]
[EventType "corr"]
[SourceDate "2002.06.29"]

1. e4 e5 2. Nf3 d6 3. d4 exd4 4. Nxd4 Nf6 5. Nc3 Be7 6. Be2 O-O 7. O-O Re8 8.
f4 c5 9. Nb3 Nc6 10. Bf3 Be6 11. Be3 a5 12. a4 Nb4 13. Bf2 Rc8 14. Nb5 Bxb3 15.
cxb3 d5 16. exd5 Nfxd5 17. Qd2 Nf6 18. Qc3 Qb6 19. Qc4 Rcd8 20. Rad1 h6 21. h3
Nc6 22. Rfe1 Rxd1 23. Rxd1 Rd8 24. Rd3 Rxd3 25. Qxd3 Bf8 26. Qd1 g6 27. g4 Nb4
28. f5 gxf5 29. gxf5 Ne8 30. Bg2 Qf6 31. Qg4+ Kh7 32. Qe2 Ng7 33. Bxb7 Qg5+ 34.
Kf1 Nxf5 35. Be4 Kg8 36. Qg4 Ng7 37. Qxg5 hxg5 38. Na3 f5 39. Bb7 Be7 40. Nc4
Nd3 41. Nxa5 Nxf2 42. Kxf2 Bd6 43. Bd5+ Kf8 44. Nc6 Ne8 45. Be6 g4 46. hxg4
fxg4 47. Bxg4 Nc7 48. a5 Na6 49. Ke3 Bc7 50. Ke4 Nb4 51. Nxb4 cxb4 52. a6 Bb6
53. Kd5 1-0

[Event "3MCR_3DW_1L_2S"]
[Site "?"]
[Date "2009.??.??"]
[Round "?"]
[White "Blecha, Miroslav"]
[Black "Zahour, Jiri"]
[Result "1-0"]
[WhiteElo "2298"]
[BlackElo "2321"]
[Annotator "018"]
[PlyCount "93"]
[EventDate "2009.??.??"]
[EventType "corr"]
[SourceDate "2002.06.29"]

1. e4 c5 2. Nf3 d6 3. d4 cxd4 4. Nxd4 Nf6 5. Nc3 g6 6. Be3 Bg7 7. f3 O-O 8. Qd2
Nc6 9. Bc4 Bd7 10. O-O-O Rc8 11. Bb3 a6 12. h4 h5 13. g4 Qa5 14. g5 Ne8 15. Kb1
Bxd4 16. Bxd4 Nxd4 17. Qxd4 Be6 18. f4 Nc7 19. Qd2 Kg7 20. f5 Bxb3 21. axb3 Nb5
22. Nd5 Qxd2 23. Rxd2 e5 24. c3 Rfe8 25. Rf1 Rcd8 26. Nb6 Nc7 27. Nc4 Nb5 28.
Kc2 Kg8 29. fxg6 fxg6 30. Rf6 Kg7 31. Nxd6 Nxd6 32. Rdxd6 Rxd6 33. Rxd6 Re7 34.
Kd3 Rf7 35. Rb6 Kf8 36. b4 Ke8 37. Kc4 Rf4 38. Kd5 Rxh4 39. Rxb7 Rg4 40. Ke6
Kd8 41. Kf6 h4 42. Kxg6 Rf4 43. Ra7 Rxe4 44. Kf5 Rf4+ 45. Kxe5 Rg4 46. Kf5 Rg2
47. Rh7 1-0

[Event "3MCR_3DW_1L_2S"]
[Site "?"]
[Date "2009.??.??"]
[Round "?"]
[White "Schwarz, Jan"]
[Black "Kuchta, Jiri"]
[Result "1/2-1/2"]
[WhiteElo "2251"]
[BlackElo "2162"]
[Annotator "019"]
[PlyCount "54"]
[EventDate "2009.??.??"]
[EventType "corr"]
[SourceDate "2002.06.29"]

1. d4 Nf6 2. c4 e6 3. Nf3 d5 4. g3 dxc4 5. Bg2 Nc6 6. Qa4 Bb4+ 7. Bd2 Nd5 8.
Bxb4 Ndxb4 9. O-O Rb8 10. Nc3 a6 11. Ne5 O-O 12. Bxc6 Nxc6 13. Nxc6 bxc6 14.
Qxc4 Rxb2 15. Rab1 Rb6 16. Qc5 Rxb1 17. Rxb1 Qd6 18. Qxd6 cxd6 19. Rb6 c5 20.
dxc5 dxc5 21. f4 Rd8 22. Ne4 c4 23. Kf2 Kf8 24. Nd6 c3 25. Rc6 Bd7 26. Rxc3 Ke7
27. Ne4 Bb5 1/2-1/2

[Event "3MCR_3DW_1L_3S"]
[Site "?"]
[Date "2009.??.??"]
[Round "?"]
[White "Glaser, Karel"]
[Black "Portych, Vaclav"]
[Result "1/2-1/2"]
[WhiteElo "2202"]
[BlackElo "2219"]
[Annotator "034"]
[PlyCount "72"]
[EventDate "2009.??.??"]
[EventType "corr"]
[SourceDate "2002.06.29"]

1. e4 c5 2. Nf3 Nc6 3. d4 cxd4 4. Nxd4 Nf6 5. Nc3 e5 6. Ndb5 d6 7. Bg5 a6 8.
Na3 b5 9. Bxf6 gxf6 10. Nd5 f5 11. Bd3 Be6 12. c3 Bg7 13. Nc2 Bxd5 14. exd5 Ne7
15. O-O O-O 16. a4 e4 17. Be2 bxa4 18. Rxa4 Qb6 19. Rb4 Qc5 20. Ne3 Rab8 21.
Qb3 Rxb4 22. cxb4 Qc8 23. Ra1 f4 24. Bxa6 Qd7 25. Nc2 Qf5 26. Bc4 Rb8 27. b5
Nc8 28. Nb4 Nb6 29. Bf1 Bf6 30. Qc2 Nxd5 31. Nxd5 Qxd5 32. Ra4 Re8 33. Qc6 Qxc6
34. bxc6 Rc8 35. b4 Rxc6 36. b5 Rb6 1/2-1/2

[Event "3MCR_3DW_1L_3S"]
[Site "?"]
[Date "2009.??.??"]
[Round "?"]
[White "Janocko, Petr"]
[Black "Splichal, Josef"]
[Result "1-0"]
[WhiteElo "2193"]
[BlackElo "2204"]
[Annotator "035"]
[PlyCount "89"]
[EventDate "2009.??.??"]
[EventType "corr"]
[SourceDate "2002.06.29"]

1. d4 Nf6 2. c4 e6 3. Nf3 b6 4. g3 Bb7 5. Bg2 Be7 6. O-O O-O 7. Nc3 Ne4 8. Qc2
Nxc3 9. Qxc3 Be4 10. Rd1 f5 11. Bf4 a5 12. Rac1 Nc6 13. Qd2 Bf6 14. Bg5 d6 15.
b3 e5 16. dxe5 dxe5 17. Qc3 Qe7 18. Bxf6 Qxf6 19. c5 Rad8 20. Qc4+ Kh8 21. Rxd8
Rxd8 22. cxb6 cxb6 23. Ne1 Bxg2 24. Kxg2 Ne7 25. Qc7 Nd5 26. Qb7 e4 27. Rc8 h6
28. Nc2 Rxc8 29. Qxc8+ Kh7 30. e3 Ne7 31. Qd8 Ng6 32. Qxf6 gxf6 33. h4 h5 34.
Nd4 Ne7 35. Kf1 Kg6 36. Ke2 Nd5 37. a3 Ne7 38. Kd2 Nd5 39. a4 f4 40. exf4 f5
41. f3 Kf6 42. fxe4 fxe4 43. Nb5 Ke6 44. Nc3 Nb4 45. Nxe4 1-0

[Event "3MCR_3DW_1L_1S"]
[Site "?"]
[Date "2009.??.??"]
[Round "?"]
[White "Houska, Jiri"]
[Black "Sochor, Frantisek"]
[Result "1/2-1/2"]
[WhiteElo "2303"]
[BlackElo "2375"]
[Annotator "024"]
[PlyCount "51"]
[EventDate "2009.??.??"]
[EventType "corr"]
[SourceDate "2002.06.29"]

1. d4 d5 2. c4 c6 3. Nc3 Nf6 4. e3 a6 5. Nf3 b5 6. c5 Nbd7 7. Bd2 e5 8. dxe5
Ng4 9. Nd4 Ndxe5 10. b4 Bd7 11. f4 Nc4 12. Bxc4 bxc4 13. Nxc6 Bxc6 14. Qxg4 h5
15. Qf5 Be7 16. Ne2 Bh4+ 17. Kf1 Qd7 18. Nd4 Bf6 19. Qxd7+ Kxd7 20. Kf2 Bxd4
21. exd4 Rae8 22. Rhe1 Rxe1 23. Rxe1 Re8 24. Rxe8 Kxe8 25. Kg3 f5 26. Kh4
1/2-1/2

[Event "3MCR_3DW_1L_2S"]
[Site "?"]
[Date "2009.??.??"]
[Round "?"]
[White "Schwarz, Jan"]
[Black "Hrdy, Roman"]
[Result "1-0"]
[WhiteElo "2251"]
[BlackElo "2264"]
[Annotator "020"]
[PlyCount "93"]
[EventDate "2009.??.??"]
[EventType "corr"]
[SourceDate "2002.06.29"]

1. d4 Nf6 2. c4 e6 3. Nf3 b6 4. g3 Bb7 5. Bg2 Be7 6. O-O O-O 7. Re1 d5 8. cxd5
exd5 9. Nc3 Na6 10. Bf4 c5 11. Rc1 Ne4 12. a3 Bf6 13. Be5 Re8 14. e3 Nxc3 15.
Rxc3 Be7 16. dxc5 bxc5 17. Rb3 Qc8 18. Bh3 Qxh3 19. Rxb7 Qe6 20. Qa4 Bf8 21.
Qb5 Re7 22. Rxe7 Bxe7 23. Qb7 Rd8 24. Qxa7 f6 25. Bc7 Nxc7 26. Qxc7 Kf7 27. Qb7
Qf5 28. Nd2 Qd7 29. Qb3 f5 30. Nb1 Bf6 31. Nc3 Qe6 32. Re2 c4 33. Qb7+ Rd7 34.
Qb5 Rd6 35. Qc5 Rd8 36. a4 Qd6 37. Qa5 Qc6 38. Rd2 Ra8 39. Qxd5+ Qxd5 40. Rxd5
Ke6 41. Rd1 Bxc3 42. bxc3 Rxa4 43. Rd4 g5 44. h4 g4 45. e4 fxe4 46. Rxe4+ Kd5
47. Rd4+ 1-0

[Event "3MCR_3DW_1L_2S"]
[Site "?"]
[Date "2009.??.??"]
[Round "?"]
[White "Pirhala, Ladislav"]
[Black "Mezera, Lukas"]
[Result "1/2-1/2"]
[WhiteElo "2190"]
[BlackElo "2213"]
[Annotator "021"]
[PlyCount "114"]
[EventDate "2009.??.??"]
[EventType "corr"]
[SourceDate "2002.06.29"]

1. e4 e5 2. Nf3 Nc6 3. Bb5 a6 4. Ba4 Nf6 5. O-O Be7 6. Re1 b5 7. Bb3 O-O 8. Nc3
d6 9. Nd5 Bg4 10. c3 Na5 11. Nxe7+ Qxe7 12. Bc2 c5 13. h3 Bh5 14. d3 Nd7 15.
Qe2 Rab8 16. Bd1 h6 17. g4 Bg6 18. g5 hxg5 19. Bxg5 f6 20. Nh4 Bh7 21. Be3 c4
22. b4 cxd3 23. Qxd3 Nc4 24. Nf5 Bxf5 25. exf5 Qf7 26. Bf3 Nxe3 27. fxe3 Nb6
28. Qxd6 Rfd8 29. Qc6 Rdc8 30. Qe6 Qxe6 31. fxe6 Kf8 32. Rec1 Ke7 33. Kf2 Kxe6
34. Bg4+ f5 35. Bd1 Ke7 36. Bb3 g6 37. h4 e4 38. Rg1 Kf6 39. Rg5 Rxc3 40. Rd1
Rd3 41. Rdg1 Nc4 42. Rxg6+ Ke5 43. Bxc4 bxc4 44. Rxa6 Rxb4 45. Ra5+ Rd5 46.
Rxd5+ Kxd5 47. h5 Rb2+ 48. Kg3 Rxa2 49. h6 c3 50. h7 Ra8 51. Kf4 Rh8 52. Rg7 c2
53. Rc7 Rxh7 54. Rxc2 Rh3 55. Kxf5 Rxe3 56. Ra2 Rf3+ 57. Kg4 Rf8 1/2-1/2

[Event "3MCR_3DW_1L_2S"]
[Site "?"]
[Date "2009.??.??"]
[Round "?"]
[White "Schwarz, Jan"]
[Black "Blecha, Miroslav"]
[Result "1/2-1/2"]
[WhiteElo "2251"]
[BlackElo "2298"]
[Annotator "022"]
[PlyCount "70"]
[EventDate "2009.??.??"]
[EventType "corr"]
[SourceDate "2002.06.29"]

1. d4 Nf6 2. c4 e6 3. Nf3 b6 4. g3 Ba6 5. b3 Bb4+ 6. Bd2 Be7 7. Bg2 c6 8. Bc3
d5 9. Ne5 Nfd7 10. Nxd7 Nxd7 11. Nd2 O-O 12. O-O f5 13. Rc1 Rc8 14. Bb2 Bd6 15.
a3 Qe7 16. Rc2 Nf6 17. Qc1 f4 18. Nf3 Ng4 19. Qd2 Qe8 20. a4 Qg6 21. h3 Nf6 22.
g4 Ne4 23. Qd3 h5 24. Ne5 Bxe5 25. dxe5 hxg4 26. hxg4 Qg5 27. Qh3 f3 28. Bxf3
Nd2 29. Rxd2 Qxd2 30. Bc1 Rxf3 31. Qxf3 Qd4 32. g5 Qh4 33. Kg2 Rf8 34. Qh3
Qxh3+ 35. Kxh3 dxc4 1/2-1/2

[Event "3MCR_3DW_1L_1S"]
[Site "?"]
[Date "2009.??.??"]
[Round "?"]
[White "Pecka, Josef"]
[Black "Lounek, Jan"]
[Result "1/2-1/2"]
[WhiteElo "2270"]
[BlackElo "2406"]
[Annotator "025"]
[PlyCount "78"]
[EventDate "2009.??.??"]
[EventType "corr"]
[SourceDate "2002.06.29"]

1. e4 c5 2. Nf3 Nc6 3. d4 cxd4 4. Nxd4 Nf6 5. Nc3 e5 6. Ndb5 d6 7. Bg5 a6 8.
Na3 b5 9. Nd5 Be7 10. Bxf6 Bxf6 11. c3 Bg5 12. Nc2 Ne7 13. h4 Bh6 14. a4 bxa4
15. Ncb4 O-O 16. Qxa4 a5 17. Nxe7+ Qxe7 18. Nd5 Qd8 19. Bb5 Be6 20. Bc6 Rb8 21.
b4 axb4 22. cxb4 Bxd5 23. Bxd5 Qb6 24. Rb1 Kh8 25. O-O Bd2 26. b5 Bc3 27. Qa6
Bd4 28. Qxb6 Rxb6 29. Rfc1 g6 30. Rc7 f5 31. exf5 Rxf5 32. Rc2 Rb8 33. Kf1 e4
34. Bc6 e3 35. f3 Rc5 36. Rxc5 Bxc5 37. Ke2 Kg7 38. g4 Kf6 39. Rc1 Ba7 1/2-1/2

[Event "3MCR_3DW_1L_1S"]
[Site "?"]
[Date "2009.??.??"]
[Round "?"]
[White "Makovsky, Petr"]
[Black "Valak, Alois"]
[Result "1/2-1/2"]
[WhiteElo "2324"]
[BlackElo "2326"]
[Annotator "026"]
[PlyCount "94"]
[EventDate "2009.??.??"]
[EventType "corr"]
[SourceDate "2002.06.29"]

1. e4 e5 2. Nf3 Nc6 3. Bb5 a6 4. Ba4 Nf6 5. O-O Be7 6. Re1 b5 7. Bb3 O-O 8. c3
d6 9. h3 Bb7 10. d4 Re8 11. Nbd2 Bf8 12. a4 h6 13. Bc2 exd4 14. cxd4 Nb4 15.
Bb1 c5 16. d5 g6 17. Nf1 Bg7 18. axb5 axb5 19. Rxa8 Qxa8 20. Bf4 Qa6 21. Qc1
Kh7 22. Ng3 Qb6 23. Re3 Ra8 24. Ra3 Rxa3 25. bxa3 Na6 26. Qe3 Nb8 27. Nh4 Bc8
28. Bc2 Qa6 29. Qb3 Ne8 30. Nf3 Nd7 31. Nf1 Nb6 32. Ne3 Qa5 33. h4 Bd7 34. h5
g5 35. e5+ Kg8 36. Bxg5 c4 37. Qb1 hxg5 38. e6 fxe6 39. dxe6 Bxe6 40. Nxg5 Bc8
41. Bf5 Qxa3 42. Be6+ Bxe6 43. Qh7+ Kf8 44. Nxe6+ Ke7 45. Nxg7 Qa1+ 46. Kh2
Nxg7 47. Nf5+ Kf8 1/2-1/2

[Event "3MCR_3DW_1L_3S"]
[Site "?"]
[Date "2009.??.??"]
[Round "?"]
[White "Glaser, Karel"]
[Black "Janocko, Petr"]
[Result "1/2-1/2"]
[WhiteElo "2202"]
[BlackElo "2193"]
[Annotator "036"]
[PlyCount "72"]
[EventDate "2009.??.??"]
[EventType "corr"]
[SourceDate "2002.06.29"]

1. e4 e5 2. Nf3 Nc6 3. Bb5 a6 4. Ba4 Nf6 5. O-O Nxe4 6. d4 b5 7. Bb3 d5 8. dxe5
Be6 9. Be3 Be7 10. c3 Qd7 11. Nbd2 O-O 12. Re1 Nxd2 13. Qxd2 Na5 14. Bg5 Bxg5
15. Qxg5 h6 16. Qe3 Nc4 17. Bxc4 bxc4 18. b3 cxb3 19. axb3 Qb5 20. Nd4 Qb6 21.
h3 c5 22. Nxe6 fxe6 23. Ra3 Rad8 24. Rea1 d4 25. cxd4 cxd4 26. Qd3 Qb5 27. Qxb5
axb5 28. Ra6 Kf7 29. f4 Kg6 30. Rxe6+ Kf5 31. Rb6 Kxf4 32. Rxb5 d3 33. e6 d2
34. Rd1 Rfe8 35. Kf2 Rxe6 36. Rc5 Ke4 1/2-1/2